000 00484nam a2200169Ia 4500
003 GCL
008 140319s9999 xx 000 0 eng d
040 _aGCL /
_cGCL
082 0 4 _a635.977
_bP U
100 1 _aPHILLIPS, LEONARD E.
245 1 0 _aURBAN TREE: A GUIDE FOR SELECTION, MAINTENANCE, AND MASTER PLANNING /
_cPHILLIPS, LEONARD E.
260 _a[S.N] :
_bMC GRAW - HILL ،
_c1993
300 _a273 P
650 0 4 _aAGRICULTURE
650 0 4 _aTREES IN CITIES
942 _2ddc
_cBK
999 _c20796
_d20796